Wards of Saitama City - Statistics

General Stats
  • This quiz has been taken 81 times
  • The average score is 8 of 10
Answers on the Map
Answers color-coded by a green-red scale on the quiz's map according to % correct below.
 
Answer Stats
Answer % Correct
Nishi 西
93%
Omiya 大宮
90%
Urawa 浦和
90%
Chuo 中央
80%
Kita 北
80%
Minami 南
80%
Iwatsuki 岩槻
78%
Sakura 桜
73%
Midori 緑
68%
Minuma 見沼
66%
No matching quizzes found
Score Distribution
Percent of People with Each Score
Percentile by Number Answered
Your Score History
You have not taken this quiz